Best Average Finish: Premier League Quiz Stats

Quiz Updated May 25, 2017

Challenge
Share
Tweet
Embed
Score 0/20 Timer 06:00
1 Play Today
Rank Club % Correct
1Manchester United
99.6%
2Arsenal
96.6%
3Liverpool
93.2%
4Chelsea
90.8%
5Tottenham Hotspur
84.3%
6Everton
78.9%
7Aston Villa
57.3%
8Newcastle United
53.4%
9Manchester City
49.1%
10West Ham United
41.5%
Rank Club % Correct
11Blackburn Rovers
25.9%
12Southampton
24.4%
14Sunderland
20.9%
15Leeds United
19.4%
13Middlesbrough
12.7%
18Leicester City
9.6%
17Norwich City
9.5%
16Crystal Palace
9.5%
20Queens Park Rangers
7.3%
19Derby County
5.7%

You're not logged in!

Compare scores with friends on all Sporcle quizzes.
Sign Up with Email
OR
Log In

You Might Also Like...

Show Comments

Extras

Top Quizzes Today


Score Distribution

Your Account Isn't Verified!

In order to create a playlist on Sporcle, you need to verify the email address you used during registration. Go to your Sporcle Settings to finish the process.